Germany Footballers 100 or International Caps - Sudden Death - Statistics

General Stats
  • This quiz has been taken 214 times
  • The average score is 3 of 13
Answers on the Grid
Answers color-coded by a green-red scale on the quiz's grid according to % correct below.
Andreas Brehme
Andreas Möller
Arne Friedrich
Bastian Schweinsteiger
Bernd Schneider
Berti Vogts
Franz Beckenbauer
Gerd Müller
İlkay Gündoğan
Jérôme Boateng
Joshua Kimmich
Jürgen Klinsmann
Jürgen Kohler
Karl-Heinz Rummenigge
Lothar Matthäus
Lukas Podolski
Manuel Neuer
Mario Gómez
Mats Hummels
Mesut Özil
Michael Ballack
Miroslav Klose
Oliver Bierhoff
Oliver Kahn
Per Mertesacker
Philipp Lahm
Rudi Völler
Sami Khedira
Sepp Maier
Thomas Häßler
Thomas Müller
Toni Kroos
 
Answer Stats
Answer % Correct
Bastian Schweinsteiger
51%
Thomas Müller
43%
Manuel Neuer
42%
Franz Beckenbauer
40%
Toni Kroos
35%
Lothar Matthäus
29%
Philipp Lahm
28%
Miroslav Klose
25%
Jürgen Klinsmann
15%
Lukas Podolski
15%
Per Mertesacker
7%
Jürgen Kohler
6%
Thomas Häßler
5%
No matching quizzes found
Score Distribution
Percent of People with Each Score
Percentile by Number Answered
Your Score History
You have not taken this quiz